Présence de Péguy chez les poètes des années 1945-1955 (notice n° 1546314)
[ vue normale ]
| 000 -LEADER | |
|---|---|
| fixed length control field | 00518cam a2200145 4500500 |
| 005 - DATE AND TIME OF LATEST TRANSACTION | |
| control field | 20251012031723.0 |
| 041 ## - LANGUAGE CODE | |
| Language code of text/sound track or separate title | fre |
| 042 ## - AUTHENTICATION CODE | |
| Authentication code | dc |
| 100 10 - MAIN ENTRY--PERSONAL NAME | |
| Personal name | Labouret, Denis |
| Relator term | author |
| 245 00 - TITLE STATEMENT | |
| Title | Présence de Péguy chez les poètes des années 1945-1955 |
| 260 ## - PUBLICATION, DISTRIBUTION, ETC. | |
| Date of publication, distribution, etc. | 2025.<br/> |
| 500 ## - GENERAL NOTE | |
| General note | 51 |
| 786 0# - DATA SOURCE ENTRY | |
| Note | Bulletin de l’Amitié Charles Péguy | 183-184 | 3 | 2025-02-21 | p. 355-371 | 0180-8567 |
| 856 41 - ELECTRONIC LOCATION AND ACCESS | |
| Uniform Resource Identifier | <a href="https://shs.cairn.info/bulletin-de-l-amitie-charles-peguy-2024-3-page-355?lang=fr&redirect-ssocas=7080">https://shs.cairn.info/bulletin-de-l-amitie-charles-peguy-2024-3-page-355?lang=fr&redirect-ssocas=7080</a> |
Pas d'exemplaire disponible.




Réseaux sociaux